000 01371nam a2200349 c 4500
003 BLK
005 20250207120713.0
008 180411b bul|||||r ||||||| ||bul||
010 _aKNG00198603000
020 _a978-619-193-077-7
_bиздат.: Артлайн Студиос
040 _aBLK
041 _aBUL
_cBUL
072 7 _2bullib
_aН83
_xЧужда художествена литература Н
080 _aАмериканска литература (на САЩ)
_b821.111(73)
_x-31
_z821.111(73)-31
100 1 _aКетчъм, Джак
_eпърви автор
_978459
700 1 _aМанова, Вихра Иванова
_eпрев.
_9363510
139 _aКетчъм, Джак
_bК 53
245 1 0 _aСъседката
_bРоман
_cДжак Кетчъм; прев. Вихра Иванова Манова.
257 _aUSA
260 София
_bАртлайн Студиос
_c2016
300 _a260 с.
_c21 см
380 _aX
500 _aОриг. загл. The Girl Next Door / Jack Ketchum. - Джак Кетчъм е псевд. на Dallas Mayr.
653 _aромани
659 _aН
852 _aЦб 283730
856 4 _qpdf
_u
856 4 _qpdf
_u
942 _cKNG
_n0
_016
944 _aCR
_c19.12.2016
_lЦветелина Шанова
_k30531
944 _aED
_c05.01.2017
_lф /
_kЛюдмила_Стоянова
999 _c189559
_d189559